| 000 | 00442nam a22001577a 4500 | ||
|---|---|---|---|
| 008 | 250404b |||||||| |||| 00| 0 eng d | ||
| 020 | _a9780323749640 | ||
| 050 |
_aRT41 _b.I36 |
||
| 100 | _aIgnatavigus Donna A. | ||
| 245 | _aMedical-surgical Nursing;Concepfs for interprofessional collaborative care | ||
| 250 | _a10th | ||
| 260 |
_aMissouri _bElsevier _c2018 |
||
| 300 | _axxxii,1523p | ||
| 650 |
_aNursing _vSurgical Nursing |
||
| 942 | _cBK | ||
| 999 |
_c2842 _d2842 |
||